Landkreise mit den wenigsten Nachbarn - Statistiken

Allgemein
  • Dieses Quiz wurde 9 mal gespielt
  • Das Durchschnittsergebnis liegt bei 17 aus 22
Antwortstatistiken
Hint Antwort % Korrekt
3, NI Landkreis Aurich
100%
2, SN Landkreis Görlitz
100%
3, NI Landkreis Grafschaft Bentheim
100%
3, BY Landkreis Lindau (Bodensee)
100%
2, SH Kreis Nordfriesland
88%
3, BW Landkreis Emmendingen
88%
2, BW Landkreis Lörrach
88%
3, BY Landkreis Tirschenreuth
88%
3, MV Landkreis Vorpommern-Greifswald
88%
3, MV Landkreis Vorpommern-Rügen
88%
3, BY Landkreis Wunsiedel im Fichtelgebirge
88%
3, NW Kreis Kleve
75%
1, BY Landkreis Berchtesgadener Land
75%
3, BY Landkreis Miesbach
75%
3, NI Landkreis Wittmund
75%
3, BY Landkreis Altötting
63%
3, BW Landkreis Waldshut
63%
3, SL Regionalverband Saarbrücken
63%
3, BY Landkreis Freyung-Grafenau
50%
3, BY Landkreis Garmisch-Partenkirchen
50%
3, SL Landkreis Merzig-Wadern
50%
3, NW Städteregion Aachen
50%
Keine übereinstimmenden Quizze gefunden
Verteilung der Resultate
Anzahl Personen mit jedem Resultat
Perzentil nach korrekt beantworteten Fragen
Ihre Resultats-Entwicklung
Sie haben dieses Quiz noch nicht gespielt